Canada and the United States : (Record no. 3994)

MARC details
000 -LEADER
campo de control de longitud fija 03861cam a2200553 i 4500
001 - NÚMERO DE CONTROL
campo de control 123952
005 - FECHA Y HORA DE LA ÚLTIMA TRANSACCIÓN
campo de control 20230404125743.0
008 - DATOS DE LONGITUD FIJA--INFORMACIÓN GENERAL
campo de control de longitud fija 140826s2014 onca b 001 0 eng
010 ## - NÚMERO DE CONTROL DE LA BIBLIOTECA DEL CONGRESO
Número de control de LC 2014412558
020 ## - NÚMERO INTERNACIONAL ESTÁNDAR DEL LIBRO
Número Internacional Estándar del Libro 9781442609099(cloth)
020 ## - NÚMERO INTERNACIONAL ESTÁNDAR DEL LIBRO
Número Internacional Estándar del Libro 9781442609082(pbk)
020 ## - NÚMERO INTERNACIONAL ESTÁNDAR DEL LIBRO
ISBN cancelado o inválido 9781442609105(pdf)
020 ## - NÚMERO INTERNACIONAL ESTÁNDAR DEL LIBRO
ISBN cancelado o inválido 9781442609112(epub)
040 ## - FUENTE DE CATALOGACIÓN
Centro catalogador/agencia de origen DLC
Lengua de catalogación eng
Normas de descripción rda
Centro/agencia transcriptor DLC
Centro/agencia modificador DLC
042 ## - CÓDIGO DE AUTENTICACIÓN
Código de autenticación pcc
043 ## - CÓDIGO DE ÁREA GEOGRÁFICA
Código de área geográfica n-us---
-- n-cn---
050 14 - SIGNATURA TOPOGRÁFICA DE LA BIBLIOTECA DEL CONGRESO
Número de clasificación 000 E 169.12
Número de ítem C212 2014
082 00 - NÚMERO DE LA CLASIFICACIÓN DECIMAL DEWEY
Número de clasificación 303.48'273071
245 00 - MENCIÓN DEL TÍTULO
Título Canada and the United States :
Resto del título differences that count /
Mención de responsabilidad, etc. edited by David M. Thomas and David N. Biette.
250 ## - MENCION DE EDICION
Mención de edición 4th ed.
264 #1 - PRODUCCIÓN, PUBLICACIÓN, DISTRIBUCIÓN, FABRICACIÓN Y COPYRIGHT
Producción, publicación, distribución, fabricación y copyright North York, Ontario :
Nombre del de productor, editor, distribuidor, fabricante University of Toronto Press,
Fecha de producción, publicación, distribución, fabricación o copyright 2014.
300 ## - DESCRIPCIÓN FÍSICA
Extensión xxxi, 439 p. :
Otras características físicas ill. ;
Dimensiones 24 cm
336 ## - TIPO DE CONTENIDO
Término de tipo de contenido text
Código de tipo de contenido txt
Fuente rdacontent
337 ## - TIPO DE MEDIO
Nombre/término del tipo de medio unmediated
Código del tipo de medio n
Fuente rdamedia
338 ## - TIPO DE SOPORTE
Nombre/término del tipo de soporte volume
Código del tipo de soporte nc
Fuente rdacarrier
504 ## - NOTA DE BIBLIOGRAFÍA, ETC.
Nota de bibliografía, etc. Includes bibliographical references and index
505 0# - NOTA DE CONTENIDO CON FORMATO
Nota de contenido con formato I.- Populations, impressions, values and Cultures: 1 Population tectonic: Life and death in North America/ Barbara Boyle Torrey- 2 Imagining each other/ Stephen Brooks-- 3 America pivots toward progressive Canada: Recent trajectories of social change in North America/ Michael Adams-- 4 Football, frats and fiscal peril vs. commuters, carping and rising costs: The new financial, social and psychological context of higher eduction in Canada and the United States/ Henry Srebrnik(with David M. Thomas)-- II.- Governance and governing mechanisms: 5 Past futures: federalism under stress/ David M. Thomas-6 Prime ministers and presidents: Instituttional differences nd political convergence/ Thomas M.J. Bateman-- 7 Turning out or tuning out? Electoral participation in Canada and the United States/ Michael D. Martinez-- 8 Legislatures and parties: Heightened divisions since the 1990s/ Melissa Haussman and Lori Turnbull-- 9 Two nations under law/ Hon Roger P. Kerans-- III.- Economic systems, taxation and safety nets: 10 Banks, banking regulatory mechnisms, nd the public interest: What's so different?/ Kathryn C. Lavelle and Tony Porter-- 11 Getting things straight: The complex world of budgetary policy/ Munir A. Sheikh-- 12 Health care in Canad and the United States/ Antonia Maioni-- 13 Choose your parents wisely: Economic inequality and mobility in Canada and the United States/ John Harles-- IV.- Policy differences, policy challenges and policy change: 14 So ner and yet so far: Washington and British Columbia in the New Century/ Jonathan W. Lampman and David M. Thomas-- 15 Environmental policy in Canada and the United States: Climate change and increasin distinctiveness/ Debora L. Vnnijnatten-- 16 First Nations: Turning promises into action?/ Kathy Brock-- 17 Reflections on foreign policies, defense budgets, borders, and the current state of the partnership/ David N. Biette and Alexandra Kuschner.
650 #0 - PUNTO DE ACCESO ADICIONAL DE MATERIA--TÉRMINO DE MATERIA
Término de materia o nombre geográfico como elemento de entrada National characteristics, American.
650 #0 - PUNTO DE ACCESO ADICIONAL DE MATERIA--TÉRMINO DE MATERIA
Término de materia o nombre geográfico como elemento de entrada National characteristics, Canadian.
650 #0 - PUNTO DE ACCESO ADICIONAL DE MATERIA--TÉRMINO DE MATERIA
Término de materia o nombre geográfico como elemento de entrada Political culture
Subdivisión geográfica United States.
650 #0 - PUNTO DE ACCESO ADICIONAL DE MATERIA--TÉRMINO DE MATERIA
Término de materia o nombre geográfico como elemento de entrada Political culture
Subdivisión geográfica Canada.
650 #4 - PUNTO DE ACCESO ADICIONAL DE MATERIA--TÉRMINO DE MATERIA
Término de materia o nombre geográfico como elemento de entrada Características nacionales, americanas.
650 #4 - PUNTO DE ACCESO ADICIONAL DE MATERIA--TÉRMINO DE MATERIA
Término de materia o nombre geográfico como elemento de entrada Características nacionales, canadiense
650 #4 - PUNTO DE ACCESO ADICIONAL DE MATERIA--TÉRMINO DE MATERIA
Término de materia o nombre geográfico como elemento de entrada Cultura política
Subdivisión geográfica Estados Unidos.
650 #4 - PUNTO DE ACCESO ADICIONAL DE MATERIA--TÉRMINO DE MATERIA
Término de materia o nombre geográfico como elemento de entrada Cultura política
Subdivisión geográfica Canadá.
651 #0 - PUNTO DE ACCESO ADICIONAL DE MATERIA--NOMBRE GEOGRÁFICO
Nombre geográfico United States
Subdivisión general Politics and government
Subdivisión cronológica 1989-
651 #0 - PUNTO DE ACCESO ADICIONAL DE MATERIA--NOMBRE GEOGRÁFICO
Nombre geográfico Canada
Subdivisión general Politics and government
Subdivisión cronológica 1980-
651 #0 - PUNTO DE ACCESO ADICIONAL DE MATERIA--NOMBRE GEOGRÁFICO
Nombre geográfico United States
Subdivisión general Social policy
Subdivisión cronológica 1993-
651 #0 - PUNTO DE ACCESO ADICIONAL DE MATERIA--NOMBRE GEOGRÁFICO
Nombre geográfico Canada
Subdivisión general Social policy.
651 #4 - PUNTO DE ACCESO ADICIONAL DE MATERIA--NOMBRE GEOGRÁFICO
Nombre geográfico Estados Unidos
Subdivisión general Política y gobierno
Subdivisión cronológica 1989-
651 #4 - PUNTO DE ACCESO ADICIONAL DE MATERIA--NOMBRE GEOGRÁFICO
Nombre geográfico Canadá
Subdivisión general Política y gobierno
Subdivisión cronológica 1980-
651 #4 - PUNTO DE ACCESO ADICIONAL DE MATERIA--NOMBRE GEOGRÁFICO
Nombre geográfico Estados Unidos
Subdivisión general Política social.
651 #4 - PUNTO DE ACCESO ADICIONAL DE MATERIA--NOMBRE GEOGRÁFICO
Nombre geográfico Canadá
Subdivisión general Política social.
700 1# - ENTRADA AGREGADA--NOMBRE PERSONAL
Nombre de persona Thomas, David M.
Forma completa/desarrollada del nombre (David Martin),
Fechas asociadas al nombre 1943-
Término indicativo de función/relación edit.
700 1# - ENTRADA AGREGADA--NOMBRE PERSONAL
Nombre de persona Biette, David.
Término indicativo de función/relación edit.
942 ## - ELEMENTOS DE ENTRADA SECUNDARIOS (KOHA)
Fuente del sistema de clasificación o colocación Clasificación de Library of Congress
Tipo de ítem Koha
946 ## - PROCESAMIENTO DE INFORMACIÓN LOCAL (OCLC)
a lmd
994 ## -
-- CO
-- DRFGD
Holdings
Estatus retirado Estado de pérdida Fuente del sistema de clasificación o colocación Estado de daño No para préstamo Colección Biblioteca de origen Biblioteca actual Ubicación en estantería Fecha de adquisición Serial enumeration / chronology Total checkouts Signatura topográfica completa Código de barras Visto por última vez Copia número Precio de reemplazo Tipo de ítem Koha
    Clasificación de Library of Congress     Recursos Regionales Biblioteca Juan Bosch Biblioteca Juan Bosch Recursos Regionales (2do. Piso) 04/04/2023 1   000 E 169.12 C212 2014 00000116516 23/10/2018 1 23/10/2018